• 首页
  • 本馆介绍
  • 公告通知
  • 最新文献
  • 馆藏检索
  • 电子资源
  • 读者导购
  • 参考咨询
  • 我的图书馆
  • 登录
  • 详细信息显示
  • 放入我的书架
  • 预约/预借图书
  • 作者相关作品
  • 分类相关作品
  • 丛书相关作品
  • 出版社相关作品

书目信息

  • 表格格式
  • 工作单格式
  • 卡片格式
题名:
赢在高考报考
    
 
作者: ;姜萌 执笔 ;高考报考指导师联盟 著
分册:  
出版信息: 北京   中国商业出版社  2014
页数: 201页
开本: 21cm
丛书名:
单 册:
中图分类: G647.32
科图分类:
主题词: 高等学校--专业--介绍--中国 , 毕业生--高中--升学参考资料 , 高等学校 , 毕业生
电子资源:
ISBN: 978-7-5044-8374-4
000 01019nam0 2200301 450
001 012001003609
005 20131026140911.0
010    @a978-7-5044-8374-4@dCNY29.80
090    @aG647@bgkb
100    @a20140429d2014 em y0chiy50 ea
101 0  @achi
102    @aCN@b110000
105    @ay z 000yy
106    @ar
200 1  @a赢在高考报考@9ying zai gao kao bao kao@f高考报考指导师联盟著@g姜萌执笔
210    @a北京@c中国商业出版社@d2014
215    @a201页@d21cm
300    @a高考报考系列
330    @a本书分为六个方面,分别为高考报考不简单、抓兴趣做测评定选择、辨专业识热门定方向、挑地区查分数定大学、学政策选策略定志愿、高考报考咨询方案解析。
606 0  @a高等学校@x专业@x介绍@y中国
606 0  @a毕业生@x高中@j升学参考资料
606 0  @a高等学校
606 0  @a毕业生
690    @aG647.32@v5
702  0 @a姜萌@9jiang meng@c(职业规划)@4执笔
711 02 @a高考报考指导师联盟@9gao kao bao kao zhi dao shi lian meng@4著
801  0 @aCN@b江苏凤凰@c20191020
905    @b1227197-200@dG647.32@e1349@f4
    
    赢在高考报考/高考报考指导师联盟著/姜萌执笔.-北京:中国商业出版社,2014
    201页;21cm
    高考报考系列
    
    ISBN 978-7-5044-8374-4:CNY29.80
    本书分为六个方面,分别为高考报考不简单、抓兴趣做测评定选择、辨专业识热门定方向、挑地区查分数定大学、学政策选策略定志愿、高考报考咨询方案解析。
●
相关链接 在E读中查询图书 在五车中查询图书 在当当中查询图书 在豆瓣中查询图书


正题名:赢在高考报考     索取号:G647.32/1349         预约/预借

序号 登录号 条形码 馆藏地/架位号 状态 备注
1 1227197   212271977   第一样本阅览室/ [索取号:G647.32/1349] 在馆    
2 1227198   212271986   教育系资料室/ [索取号:G647.32/1349] 在馆    
3 1227199   212271995   教育系资料室/ [索取号:G647.32/1349] 在馆    
4 1227200   212272002   第四借阅区/ [索取号:G647.32/1349] 在馆    
唐山师范学院图书馆 欢迎您!
大连网信软件有限公司© 版权所有